000 00320nam a2200133 a 4500
005 20140414132020.0
008 110315s19uu xx 00 eng d
050 _aTR
_bH21 1982
100 _aAsch, Frank
245 _aHappy birthday, moon.
260 _aNew York :
_bScholastic .
999 _c113458
_d113458